000 01172nam a22002417a 4500
001 8649
003 FISKH
005 20251022092018.0
008 251008b cb ||||| |||| 00| 0 eng d
020 _a9780804845168
040 _aFISKH
_beng
_cFISKH
_dFISKH
082 _a305.9069
100 _aReicherter, Daryn
245 _aThe cambodian dancer:
_bSophany’s gift of hope /
_cby Daryn Reicherter; illustrated by Christy Hale
260 _aTokyo :
_bTurtle,
_c2015.
300 _a32 pages :
_bcolor illustrations ;
_c29 cm
520 _aThis is the true story of a Cambodian refugee—a dancer and teacher—who built a life in the US after fleeing the Khmer Rouge. She became a counselor to other Cambodian refugees and created a school of dance for children. Her gift of hope was to teach children in the Cambodian community the traditional dances of Cambodia so that young people growing up far away from the land of their ancestors would know about their culture.
650 _2Cambodia
_aRefugees
_vTraditional dance
650 _aHope and healing
_vBiography
_xCulture
700 _aHale, Christy
_eillustrator
942 _2ddc
_cBK
_n0
999 _c8649
_d8649